000 00330nam a2200133Ia 4500
008 221030s9999 xx 000 0 und d
041 _aEnglish
100 _aD. S. Yadav
245 0 _aMicrocontrollers - Features & Application
_cby D. S. Yadav, A. K. Singh
260 _c0
650 _aB
700 _aA. K. Singh
942 _cBK
999 _c16899
_d16899